Parts del cos | Body parts in Catalan - Statistics

General Stats
  • This quiz has been taken 5 times
  • The average score is 28 of 36
Answer Stats
En anglès En català % Correct
The head El cap
100%
The body El cos
100%
The finger El dit
100%
The toe El dit del peu
100%
The foot El peu
100%
The fingers Els dits
100%
The toes Els dits del peu
100%
The feet Els peus
100%
The eyes Els ulls
100%
The hand La mà
100%
The hands Les mans
100%
The eye L'ull
100%
The arm El braç
67%
The neck El coll
67%
The elbow El colze
67%
The butt El cul
67%
The knee El genoll
67%
The nose El nas
67%
The chest El pit
67%
The arms Els braços
67%
The elbows Els colzes
67%
The knees Els genolls
67%
The lips Els llavis
67%
The breasts Els pits
67%
The mouth La boca
67%
The leg La cama
67%
The face La cara
67%
The skin La pell
67%
The legs Les cames
67%
The shoulders Les espatlles/L'espatlla
67%
The ears Les orelles
67%
The back L'esquena
67%
The nails Les ungles
67%
The ear L'orella
67%
The nail L'ungla
67%
The tummy La panxa
33%
No matching quizzes found
Score Distribution
Percent of People with Each Score
Percentile by Number Answered
Your Score History
You have not taken this quiz